Statistics for Geometry Dash Extreme Demons

Click here to take the quiz!

General Stats

  • This quiz has been taken 3,173 times
    (1,016 since last reset)
  • The average score is 151 of 702

Answer Stats

First 3 CharactersFull Name% Correct
AchAcheron
84%
BloBloodbath
84%
AcuAcu
77%
BloBloodlust
75%
CatCataclysm
72%
AbyAbyss of Darkness
71%
SonSonic Wave
71%
LIMLIMBO
70%
SlaSlaughterhouse
66%
8o8o X
65%
AveAvernus
64%
ZodZodiac
64%
SakSakupen Circles
63%
SilSilent Club
63%
aftaftermath
60%
SilSilent clubstep
60%
SonSonic Wave Infinity
60%
TarTartarus
60%
xoxo
60%
SakSakupen Hell
59%
YatYatagarasu
59%
TheThe Golden
58%
2 12 1 1
56%
ArtArtificial Ascent
56%
KOCKOCMOC
54%
AcrAcropoliX
53%
arcarcturus
53%
DigDigital Descent
52%
EreErebuS
52%
EreErebus
52%
SonSonic Wave Rebirth
52%
BBBBBBBBBBBBBBBBBBBBBBB
51%
FirFirework
51%
KyoKyouki
50%
PhoPhobos
50%
EdgEdge of Destiny
49%
poopoocubed
49%
DeiDeimos
48%
X0X0
48%
KenKenos
47%
kowkowareta
47%
RUSRUST
47%
SigSigma
47%
WasWasureta
47%
WOWWOW
47%
A2MA2Marbl
46%
BlaBlack Blizzard
46%
CogCognition
46%
GamGamma
46%
HypHyperSonic
46%
KilKillbot
46%
CybCybernetic Crescent
45%
A BA Bizarre Phantasm
44%
AudAuditory Breaker
44%
BuTBuTiTi III
44%
OmeOmega
44%
walwalter white
44%
EXEX
43%
OblOblivion
43%
BlaBlade of Justice
42%
JesJesse Pinkman
42%
NheNhelv
42%
RGBRGB
42%
KuzKuzureta
40%
LowLow Death
40%
RagRagnarok
40%
ReqRequiem
40%
SauSaul Goodman
40%
SubSubSonic
40%
BauBausha Vortex
39%
ConCongregation
39%
DolDolos
39%
DowDown Bass
39%
HarHard Machine
39%
MINMINUSdry
39%
NEUNEUTRA
39%
RedRed World
39%
SARSARY NEVER CLEAR
39%
ArcArctic Lights
38%
ATMATMarbl
38%
AurAurora
38%
BYEBYE
38%
EdgEdge of the Blade
38%
GenGeneric Wave
38%
OurOuroboros
38%
QuaQuantum Processing
38%
KapKappa
37%
OmeOmega Interface
37%
PlaPlasma Pulse Finale
37%
AerAerial Gleam
36%
AquAquatic Auroras
36%
AthAthanatos
36%
ATOATOMIC CANNON
36%
CalCalculator Core
36%
ConConical Depression
36%
KerKeres
36%
N0N0
36%
OmiOmicron
36%
RedRed World Rebirth
36%
UNKUNKNOWN
36%
AzuAzurite
35%
CITCITRA
35%
GusGustavo Fring
35%
NifNiflheim
35%
TheThe Art of the Blade
35%
ABEABEL
34%
CosCosmic Cyclone
34%
DelDelta Interface
34%
FexFexty
34%
LotLotus Flower
34%
SigSigma Interface
34%
TheThe Hell World
34%
AesAesthetic
33%
AKIAKIRA
33%
AllAllegiance
33%
AltAltered Ascent
33%
AstAstral Divinity
33%
CHRCHROMA FINALE
33%
CriCrimson Planet
33%
CYCCYCLONE
33%
EsfEsfera
33%
HeaHeartbeat
33%
NecNecropoliX
33%
PlaPlasma Pulse III
33%
qoUqoUEO
33%
SunSunset Sandstorm
33%
TheThe Yandere
33%
YuhYuh
33%
AroAronia
32%
AudAudio Extraction
32%
BalBalengu Vortex
32%
CHRCHROMA II
32%
EKOEKO
32%
FalFalling Up
32%
FroFrozen
32%
GONGONER
32%
MayMayhem
32%
NecNecromancer
32%
PanPanaSonic
32%
supsuper probably level
32%
TheThe Hell Factory
32%
VerVerdant Landscape
32%
AdrAdrenaline
31%
AkaAkashic Records
31%
EpsEpsilon
31%
FroFrozen Cave
31%
HatHatred
31%
RenRenevant
31%
ShuShukketsu
31%
TheThe Ultimate Phase
31%
TruTrueffet
31%
AudAudio Expulsion
30%
BasBass Cave
30%
BioBiohazard
30%
FraFragile
30%
HURHURRICANE
30%
HypHyper Paracosm
30%
IdoIdols
30%
INNINNARDS
30%
nono jokes
30%
RTXRTX ON
30%
TheThe Hallucination
30%
TheThe Hell Zone
30%
ZAPZAPHKIEL
30%
CadCadrega City
29%
CodCodependence
29%
DarDark Odyssey
29%
DMGDMG CTRL
29%
ETEETERNAL
29%
FreFreedom08
29%
GloGlowy
29%
RetRetention
29%
1331330X
28%
ArmArmageddon
28%
ColCold Sweat
28%
dordoradura
28%
LucLucid Nightmares
28%
MysMystic
28%
QuaQuaoar
28%
ThiThinking Space
28%
AnoAnoxysm
27%
ArtArtifice
27%
AzuAzure Fiesta
27%
ChrChromatic Haze
27%
EnvEnvY
27%
FabFabrication
27%
GliGlide
27%
NapNapalm
27%
ProPromethean
27%
TheThe Hell Bird
27%
UprUprise
27%
aetaether
26%
APEAPEX
26%
ArtArtificial Ideology
26%
AstAsterios
26%
CadCadrega Mode
26%
IcoIcotact
26%
IthIthacropolis
26%
LUMLUMINA
26%
MujMujigae
26%
niwniwa
26%
ofof Ambrosia
26%
SinSinister Silence
26%
SolSolar Flare
26%
SpeSpectrum Cyclone
26%
TheThe Hell Nutz
26%
ZetZettabyte
26%
AsmAsmodeus
25%
AtmAtmosphere
25%
BelBelloq
25%
CalCalamity
25%
DilDiligence
25%
EthEthereal Artifice
25%
GunGunslinga Corridor
25%
JusJust DANCE
25%
MolMolten Core
25%
MolMolten Gear
25%
PagPagoda
25%
PriPrisma
25%
PriPrismatic Haze
25%
SZYSZYSLAK
25%
TheThe Hell Field
25%
TheThe Lost Existence
25%
ArcArctic Arena
24%
BerBerserk
24%
BetBetrayal of Fate
24%
CarCarnage Mode
24%
DayDaydream
24%
disdistraught
24%
FaiFaith
24%
i hi hate you
24%
mommoment
24%
OccOccult Outcry
24%
RUTRUTHLESS
24%
SilSilentium Gradas
24%
StaStalemate Redux
24%
SUPSUPERHATEMEWORLD
24%
TapTapwreck
24%
TheThe Hell Origin
24%
TORTORNADO
24%
XxXXxXxXxXxXxX
24%
AlcAlcatraz
23%
AnaAnahita
23%
ApoApollo 11
23%
BooBoogie
23%
CarCarcano
23%
CatCatalyze
23%
CatCat Planet
23%
CerCersia Difficult
23%
DecDeception Dive
23%
DevDevil Vortex
23%
DooDoop
23%
MadMadMansion
23%
MISMISFIRE
23%
NewNew Record
23%
NigNight Rider
23%
PumPumped Up Kicks
23%
QuaQuantum Theory
23%
RASRASH
23%
SL8SL8O
23%
TheThe Hell Dignity
23%
UntUntitled
23%
ZirZiroikabi
23%
AcrAcrozis
22%
AirAir Tech
22%
ArtArtificial Dream
22%
AUXAUX CORD
22%
BanBang Gang
22%
BreBreakout
22%
BroBroken Signal
22%
DdiDdiamond
22%
DubDubKore X
22%
FalFalcon16
22%
FreFreedom19
22%
FusFusion Z
22%
HalHalberd
22%
lodlodin da fish washer
22%
MacMacabre
22%
QuaQuantum Dynamix
22%
RagRage
22%
trotroll level
22%
VoiVoid Wave
22%
ZirZiroikapi
22%
AurAura
21%
AwaAwakening Horus
21%
CriCritical Heat
21%
DumDump
21%
EcsEcstasy
21%
EteEternal Moment
21%
GLIGLISTEN
21%
HypHyper Paradox
21%
InfInfernal Abyss
21%
KniKnights of Thunder
21%
LooLoochiverse
21%
MayMaybe Possibly Thing
21%
OPSOPSM1
21%
PolPolish Alphabet
21%
SazSazerix
21%
SpaSpacial Rend
21%
TheThe Hell Inferno
21%
VisVisible Ray
21%
BreBreakout Redux
20%
CerCersia Madness
20%
DARDARKENED
20%
ikaikaros
20%
ILOILOVECYAN
20%
InfInfinite Iniquity
20%
JamJamboree
20%
MyoMyocardia
20%
ParParoxysm
20%
ReaReanimate
20%
RyfRyft
20%
ShaShardscapes
20%
ShmShmarley Ville
20%
SinSink
20%
StoStorming Summit
20%
TANTANTRUM
20%
TimTimor
20%
TwiTwisted Tranquility
20%
untuntitled unmastered
20%
AbaAbandoned Planet
19%
AncAncestral Calamity
19%
BlaBlack Flag
19%
DIRDIRECTIONS
19%
ELLELLIPSISM
19%
HeaHeat Wave
19%
LuxLuxtra
19%
memmemories
19%
MisMisty Mountains
19%
NovNovalis
19%
NunNunri
19%
On1On1y Cub3
19%
OurOurwa
19%
SHASHATTER
19%
SPESPEEDRUN
19%
TitTitan Complex
19%
UndUnder lavaland
19%
vaevaenstep
19%
VolVolume
19%
WidWidestep
19%
AnnAnnihilation Nation
18%
AurAurorae
18%
CauCaution
18%
DarDark Flare
18%
DayDaybreak
18%
DigDigital Disarray
18%
DolDole Damos
18%
EdgEdge of the World
18%
EliElite Z Rebirth
18%
FabFabricated Thoughts
18%
FacFactory Realm X
18%
FriFriday Vortex
18%
IMAIMAPHONE
18%
LucLucid Chaos
18%
MjoMjolnir
18%
OmoOmorfia
18%
RatRate Demon
18%
revreverence
18%
SepSephiroth
18%
SkySky tech
18%
ToTo The Stars II
18%
TriTriple Six
18%
AurAuroral Darkness
17%
BitBitcrusher
17%
CelCelestial Force
17%
FraFragmented
17%
GolGolden Club
17%
HatHate War
17%
LeLe Fishe
17%
MatMatilda the Machine
17%
RANRANDOM ACCESS MEMORY
17%
rosrosedynamix
17%
SUBSUBVERSIVE
17%
TenTenth Circle
17%
U23U235
17%
AdvAdvanced AirStream
16%
BROBROWNOIX
16%
ConConTroller
16%
DesDescent Into Exile
16%
DisDismay
16%
EleElectroLux
16%
EseEsencia
16%
EvaEvangelion
16%
IncIncipient
16%
nownowdead
16%
OOPOOPZ
16%
OveOvertime
16%
phaphantasmagoria
16%
PhoPhotovoltaic II
16%
RELRELENTLESS
16%
ShuShutdown
16%
SteStep To Hell
16%
TecTech Manifestation
16%
TerTerminux
16%
TheThe Flawless
16%
VenVendetTa
16%
WavWaveBreaker
16%
ameameliorate
15%
ASHASHES
15%
BarBarbaros Finale
15%
BetBetrayal of Destiny
15%
BriBrimtanic Paradise
15%
CryCrystal
15%
DedDedohexdragon
15%
DemDemonicat
15%
GewGewErbiX
15%
GraGracefully
15%
KarKarma
15%
KUBKUB
15%
MakMake It Drop
15%
MirMirage
15%
MirMirrored Calamity
15%
MolMolten Mercury
15%
OurOur Fountain
15%
PenPenombre
15%
PenPenultimate Phase
15%
PLUPLUS ULTRA
15%
RaiRaindance
15%
SilSilentium Clavas
15%
SkrSkrrah
15%
StyStygian Machinery
15%
sunsunburn
15%
TheThe Rupture
15%
TROTROLLMACHINE
15%
TwiTwilight
15%
UltUltraSans
15%
WorWorse Trip
15%
AgeAgen Wida
14%
AlpAlpha Baa X
14%
BasBased Gang
14%
ForForbidden Isle
14%
I NI NEVER DREAM
14%
LosLost Love
14%
MarMarathon
14%
MELMELTDOWN
14%
MisMissing Benefits
14%
NeoNeon Skyline
14%
nignight party
14%
PROPROTOFLICKER
14%
sarsarthix
14%
ShoShock Therapy
14%
SnoSnowFall Fiesta
14%
SurSurge of the Shield
14%
TroTron
14%
VioViolently X
14%
ZenZenith
14%
AnyAnya III
13%
AppApparition
13%
BetBetelgeuse
13%
ChoCholeriX
13%
CroCrowd Control
13%
DelDelebit Oblivio
13%
DisDisentombed
13%
EndEndless Dream
13%
ExpExplosion
13%
FadFaded Dream
13%
FalFalling Maze
13%
FinFinKor
13%
FirFirePower
13%
FIRFIREPOWER
13%
FISFISH FISH GODMODE
13%
FurFurious Flames
13%
HatHateful Reflection
13%
IriIris of a Puppeteer
13%
LauLaunchpad Labyrinth
13%
LibLibertas
13%
MalMalware II
13%
MINMINIMUM
13%
nifniflhel
13%
NigNightshade
13%
NovNovasphere
13%
PlaPlace
13%
RaiRaisins
13%
RetRetention Rush
13%
SECSECTOR 19
13%
SolSolarion
13%
ThuThunder Alphabet
13%
WelWelcome To GD News
13%
CasCastling
12%
cavcave of heart
12%
ConConcaved Memories
12%
ConConFusion
12%
DefDeflective
12%
DelDelirium Tremens
12%
DimDimensional Breaking
12%
DimDimension Breaker
12%
DisDisaster Dive
12%
DupDuplication
12%
EffEffect II
12%
ExtExtinction
12%
FerFerrum Frenzy
12%
FinFingerdash v3
12%
GEOGEODE
12%
HydHydratic
12%
KINKINGSLAYER
12%
lezlezicuv
12%
limlimitless
12%
looloop
12%
MyMy Worst Demon Level
12%
NevNever Beat It
12%
OneOneAttempt
12%
PrePrecipitance
12%
RefReflective
12%
ShoShock Breaker
12%
SINSINGULARITY
12%
SinSinister Incision
12%
SpeSpectrum Rave
12%
SurSurge of Memories
12%
TemTempered Steel
12%
TerTerminal Rampancy
12%
TheThe Reaper
12%
TunTunnel
12%
AncAncient Travel
11%
AnoAnother Phase
11%
AurAureole
11%
CerCerebral Torment
11%
DisDisruption
11%
DreDreams
11%
DuaDualies
11%
GalGalactic Shift
11%
GamGame Over
11%
InfInflective
11%
KinKinetic Bypass
11%
ManMandragora
11%
MonMonstercat
11%
MONMONSTROSITY
11%
NeRNeRUaL
11%
PanPandemonium
11%
phophosphorescent
11%
ProProteus
11%
PsyPsychotic
11%
SANSAND SAILOR
11%
ShiShibui
11%
TeaTeaM Z
11%
TheThe Moon Below
11%
TorTorsion
11%
TotTotem
11%
UneUnearthed
11%
VigVignette
11%
VIRVIRTUE
11%
BRKBRKMGB8GJCZ
10%
burburn to dust
10%
CirCircuit Breaker
10%
CosCosmorush 21
10%
CroCromulent
10%
EXPEXPLICIT
10%
GolGoldcrest Palace
10%
GriGridLocked
10%
HelHelios
10%
HidHidden in the Sand
10%
HydHydraulic Overdrive
10%
LigLight Travel
10%
MotMotorbreath
10%
reereeses potentially
10%
rubruber cash 22
10%
SemSemicolon 3
10%
ShaShape of the Sun
10%
SpaSparkling
10%
TemTempest Tornado
10%
TheThe Cellar Path
10%
TheThe First
10%
TheThe Mainframe
10%
TheThe Sulphur Sea
10%
ULTULTRA VIOLET
10%
VivVivacious
10%
WanWant Me
10%
WinWintertime
10%
BalBallistic Funk
9%
ChoChopStep
9%
DraDraco Meteor
9%
EdeEdelweiss
9%
EllElliptic Curve
9%
EmpEmpanadas Fugaces
9%
ExoExotic Energy
9%
FAUFAULTY CODE
9%
FloFloating Maze
9%
FraFramework
9%
GlaGlacial Torrent
9%
GliGlitched Memories
9%
GriGrill Kill
9%
InsInstant Execution
9%
LaLa Cueva
9%
LasLast Station
9%
madmaddening
9%
MecMecha Mayhem
9%
MinMind Control
9%
NIGNIGHTLIGHTS
9%
PitPitfall Caverns
9%
PolPoltergeist Reborn
9%
RemRemoved Submission
9%
RobRobi
9%
RulRuler of Everything
9%
ShoShotgun
9%
SprSpringtime
9%
StaStatic Ignition
9%
SynSynergy
9%
TheThe Antimatter
9%
UplUplink
9%
WeWe Are Not The Same
9%
WOBWOBBLING MACHINE
9%
XroXronier
9%
YeeYeeSangHaeYo
9%
CarCarbon
8%
cercerebral hemorrhage
8%
coucourt circuit
8%
DecDecay
8%
devdevoid
8%
DumDumbest Girl Alive
8%
FutFuture Chaos
8%
GamGaming
8%
GANGANGIMARI
8%
ImpImpasse
8%
inainanimate INSANITY
8%
JeoJeonGi
8%
LasLast Stop
8%
LatLateral Myst
8%
mismiss you
8%
NeoNeon Guts
8%
ParParty Rock Anthem
8%
pulpulsation
8%
PURPURE VALE
8%
SolSolstice
8%
SteStellaluna
8%
STISTICKS FOR BONES
8%
SysSysmique Locked
8%
ThuThunderzone
8%
TorTorgue
8%
TRETREMORS
8%
VoiVoided
8%
VolVoltaic
8%
WarWarning
8%
WelWelcome to your mind
8%
WinWind Storm
8%
CalCallisto
7%
ChuChub Chub
7%
CriCrippled Depression
7%
CurCurie
7%
DarDark Rivalry
7%
DisDisastrous Downpour
7%
DreDream City
7%
EMPEMPTINESS
7%
EndEndurance
7%
FelFellow Phobia
7%
GenGentlemens Clique
7%
HELHELIX
7%
InsInsaction
7%
LigLights Out
7%
MalMalevolent Maelstrom
7%
ManManic Machine
7%
NigNightmare Chasm
7%
OveOverlord
7%
PolPolygonal Paradox
7%
ReaRealtered
7%
ReuReunite
7%
SapSapphire Angel
7%
SnoSnowdrift
7%
SnoSnowfall Storm
7%
SorSorryForPartyRocking
7%
TheTheCinnyBun
7%
TriTriadic Trials
7%
VocVociferous
7%
WilWild Rose
7%
corcorrupted volume
6%
CosCosmic Cluster
6%
CybCyberstorm
6%
DisDismal Duststorm
6%
EleEleos
6%
EnlEnlightened memories
6%
eteeternal entropy
6%
FriFrightful Melody
6%
GanGang Plank Hell
6%
GraGraphite World
6%
IncIncandescent
6%
INFINFLAMMABLE INFUSION
6%
LonLonely Lights
6%
MasMasochism
6%
NinNinobytte
6%
PouPound Town
6%
SepSephtis
6%
SupSupercharged
6%
ThoThorny Path
6%
UnkUnknown Civilization
6%
VirVirtual Collapse
6%
WhiWhite Noise
6%
ComComplementary Cruise
5%
DevDevils Disco
5%
EthEthereal Entity
5%
EviEvil Depths
5%
INTINTO PETALS
5%
MetMetalic Destruction
5%
MisMiscellaneous Memory
5%
ParParalysis
5%
RecRecrystallize
5%
SpeSpectrum Split
5%
stastand in the snow
5%
supsuper kontik
5%
TimTime Pulse
5%
TwiTwilight Coexistence
5%
UniUniverse on fire
5%
TheThe Tears Beneath
4%

Score Distribution

Percentile by Number Answered

Percent of People with Each Score

Your Score History

You have not taken this quiz since the last reset